| 000 | 00698nam a2200181 a 4500 | ||
|---|---|---|---|
| 001 | 000034908 | ||
| 005 | 20200930073959.0 | ||
| 008 | 111021s1988 cu a 000 0 spa d | ||
| 040 |
_aDO-SdBNP _bspa _cBNPHU |
||
| 082 |
_axxxx _bxxxx |
||
| 100 | 1 |
_aCasanova Oliva, Ana Victoria _960476 |
|
| 245 | 1 | 0 |
_aProblemática organológica Cubana : _bcrítica a la sistemática de los instrumentos musicales / _cAna victoria Casanova Oliva ; edición Reinaldo Castillo. |
| 260 |
_aLa Habana, : _bEdiciones Casa de las Américas, _c1988. |
||
| 300 |
_a207 p. : _bil. ; _c23 cm. |
||
| 504 | _aBibliografía : p. 205-207 | ||
| 586 | _aMusicología Casa de las Américas | ||
| 700 | 1 |
_aCastillo, Reinaldo, _eed. _93176 |
|
| 999 |
_c34399 _d34399 |
||